000 00708nam a2200253 i 4500
001 8669
003 ES-MaACL
005 20240508105815.0
007 t|
008 920820s1985 sp ||||1| spa d
020 _a84-336-0239-X
080 _a86-14"19"
080 _a86(Mollá,J.7 S.01)
100 1 _aMollá, Juan.
_982043
245 1 0 _aSombra, medida de la luz /
_cJuan Mollá.
260 _aMadrid :
_bAyuso,
_c1985.
300 _a107, [4] p. :
_bil. ;
_c20 cm.
490 1 _aEndymion ;
_v68
830 0 _aEndymión ;
_v68
_9178235
852 _aES-MaACL
_jL-16198
_bR.120020
_98920
852 _aES-MaACL
_jL-7031/Ej.1
_bR.107984
_9112363
942 _2udc
999 _c8669
_d8669